[Event "SVK-chT3B2 1617"]
[Site "Slovakia"]
[Date "2017.04.02"]
[Round "11.7"]
[White "Holeckova, Marianna"]
[Black "Maurer, Filip"]
[Result "0-1"]
[WhiteElo "1218"]
[BlackElo "1617"]
[PlyCount "86"]
[EventDate "2016.10.16"]
[EventType "team-tourn"]
[EventRounds "11"]
[EventCountry "SVK"]
[SourceTitle "EXT 2020"]
[Source "ChessBase"]
[SourceDate "2019.10.17"]
[SourceVersion "1"]
[SourceVersionDate "2019.10.17"]
[SourceQuality "1"]
[WhiteTeam "Dubnica nad Vahom IV"]
[BlackTeam "Bojnice"]
[WhiteTeamCountry "SVK"]
[BlackTeamCountry "SVK"]

1. e4 c5 2. Nc3 d6 3. Nf3 Nf6 4. Bc4 Bg4 5. h3 Bd7 6. e5 dxe5 7. Nxe5 e6 8. Qf3 Nc6 9. Nxc6 Bxc6 10. Qg3 g6 11. d3 Bg7 12. Bg5 Qb6 13. 0-0-0 0-0 14. h4 Nd5 15. Bxd5 Bxd5 16. Na4 Qb4 17. b3 b5 18. c3 Qa3+ 19. Kb1 Bxb3 20. axb3 bxa4 21. d4 Rab8 22. Kc2 axb3+ 23. Kd3 c4+ 24. Ke3 b2 25. Kf4 f6 26. h5 fxg5+ 27. Kxg5 Rf5+ 28. Kg4 Rbb5 29. Qe3 Qe7 30. f4 Rxh5 31. Rhe1 Rhd5 32. Qe2 h5+ 33. Kg3 Qd6 34. Qxc4 Rf5 35. Kh3 Qxf4 36. Qxe6+ Kh7 37. d5 h4 38. Rd3 Rbxd5 39. Rde3 Rde5 40. Qb3 Rxe3+ 41. Rxe3 Qxe3+ 42. Kh2 Rf1 43. Qb8 Be5+ 0-1

[Event "SVK-chT2B 1617"]
[Site "Slovakia"]
[Date "2017.03.12"]
[Round "11.8"]
[White "Maurer, Filip"]
[Black "Gyarmati, Tichomir"]
[Result "0-1"]
[WhiteElo "1593"]
[BlackElo "1864"]
[PlyCount "60"]
[EventDate "2016.10.08"]
[EventType "team-tourn"]
[EventRounds "11"]
[EventCountry "SVK"]
[SourceTitle "EXT 2018"]
[Source "ChessBase"]
[SourceDate "2017.10.13"]
[SourceVersion "1"]
[SourceVersionDate "2017.10.13"]
[SourceQuality "1"]
[WhiteTeam "Prievidza II"]
[BlackTeam "Batorove Kosihy"]
[WhiteTeamCountry "SVK"]
[BlackTeamCountry "SVK"]

1. d4 Nf6 2. Nc3 d5 3. Bg5 Nbd7 4. f3 h6 5. Bxf6 Nxf6 6. e4 dxe4 7. fxe4 c6 8. Nf3 Bg4 9. Be2 e6 10. 0-0 Bb4 11. Ne5 Bxe2 12. Nxe2 0-0 13. c3 Bd6 14. Qc2 Qc7 15. Nf3 e5 16. Rae1 Ng4 17. Nc1 exd4 18. e5 Nxe5 19. Nxd4 Rae8 20. Nf5 Bc5+ 21. Kh1 Ng4 22. Ng3 Nf2+ 23. Rxf2 Rxe1+ 24. Rf1 Rxf1+ 25. Nxf1 Qf4 26. Ng3 Re8 27. Nd3 Qe3 28. Qb1 Bd6 29. Nf5 Qxd3 30. Ne7+ Rxe7 0-1

[Event "SVK-chT3B2 1617"]
[Site "Slovakia"]
[Date "2016.10.30"]
[Round "2.8"]
[White "Maurer, Filip"]
[Black "Dureje, Peter"]
[Result "0-1"]
[WhiteElo "1617"]
[BlackElo "1503"]
[PlyCount "104"]
[EventDate "2016.10.16"]
[EventType "team-tourn"]
[EventRounds "11"]
[EventCountry "SVK"]
[SourceTitle "CBM 175 Extra"]
[Source "ChessBase"]
[SourceDate "2016.12.12"]
[SourceVersion "1"]
[SourceVersionDate "2016.12.12"]
[SourceQuality "1"]
[WhiteTeam "Bojnice"]
[BlackTeam "Lehota pod Vtacnikom"]
[WhiteTeamCountry "SVK"]
[BlackTeamCountry "SVK"]

1. f4 d5 2. Nf3 c5 3. e3 Nc6 4. Bb5 Bd7 5. b3 a6 6. Bxc6 Bxc6 7. Bb2 Nf6 8. 0-0 e6 9. d3 Be7 10. Nbd2 0-0 11. Ne5 Qc7 12. Rf3 Nd7 13. Nxd7 Qxd7 14. Rg3 f6 15. Qg4 Rf7 16. Rh3 Raf8 17. Rf1 d4 18. e4 e5 19. f5 Bd8 20. Rff3 g5 21. Rh6 Rg7 22. Rfh3 Rff7 23. Nf1 Qd6 24. Ng3 Rc7 25. Bc1 Qf8 26. Bd2 Be8 27. Kf2 b5 28. Ne2 b4 29. Ng1 a5 30. Nf3 Ra7 31. Ne1 a4 32. Qd1 axb3 33. axb3 Rgb7 34. g4 Rg7 35. Nf3 Bc7 36. Be1 Bd6 37. Nd2 Be7 38. Nc4 Bf7 39. Ke2 Bxc4 40. dxc4 Qa8 41. Kd3 Ra1 42. Qe2 Rb1 43. Rg3 Qa1 44. Kd2 Bd8 45. Rhh3 Ra7 46. Rg1 Ra2 47. Rhg3 Rc1 48. Qf3 Raxc2+ 49. Kd3 Rc3+ 50. Bxc3 Qxc3+ 51. Ke2 Rc2+ 52. Kf1 Qa1+ 0-1

[Event "SVK-chT3B2 1516"]
[Site "Slovakia"]
[Date "2016.03.06"]
[Round "9.7"]
[White "Huserka, Jan"]
[Black "Maurer, Filip"]
[Result "1-0"]
[WhiteElo "1366"]
[BlackElo "1590"]
[PlyCount "59"]
[EventDate "2015.10.11"]
[EventType "team-tourn"]
[EventRounds "11"]
[EventCountry "SVK"]
[SourceTitle "EXT 2017"]
[Source "ChessBase"]
[SourceDate "2016.10.25"]
[SourceVersion "1"]
[SourceVersionDate "2016.10.25"]
[SourceQuality "1"]
[WhiteTeam "Nemsova Horne Srnie"]
[BlackTeam "Prievidza II"]
[WhiteTeamCountry "SVK"]
[BlackTeamCountry "SVK"]

1. c4 e5 2. a3 Nf6 3. Nc3 b6 4. b4 Bb7 5. d3 g6 6. e4 Bg7 7. g3 d6 8. Bg2 Nbd7 9. Nd5 Nxd5 10. cxd5 0-0 11. Bb2 c5 12. b5 Rc8 13. Qc2 a6 14. a4 f5 15. exf5 Rxf5 16. Ne2 Qe7 17. 0-0 Rcf8 18. Nc3 Qf7 19. Bh3 Rh5 20. Be6 Qxe6 21. dxe6 Rff5 22. exd7 Rxh2 23. d8Q+ Bf8 24. Ne4 Rh6 25. f3 Bxe4 26. dxe4 Rfh5 27. Qc4+ Kg7 28. Qd7+ Kf6 29. Qdf7+ Kg5 30. Bc1# 1-0

[Event "SVK-chT3B2 1516"]
[Site "Slovakia"]
[Date "2016.01.31"]
[Round "6.7"]
[White "Maurer, Filip"]
[Black "Solovic, Vladislav"]
[Result "1-0"]
[WhiteElo "1590"]
[BlackElo "1764"]
[PlyCount "63"]
[EventDate "2015.10.11"]
[EventType "team-tourn"]
[EventRounds "11"]
[EventCountry "SVK"]
[SourceTitle "CBM 170 Extra"]
[Source "ChessBase"]
[SourceDate "2016.02.25"]
[SourceVersion "1"]
[SourceVersionDate "2016.02.25"]
[SourceQuality "1"]
[WhiteTeam "Prievidza II"]
[BlackTeam "Dubnica nad Vahom III"]
[WhiteTeamCountry "SVK"]
[BlackTeamCountry "SVK"]

1. f4 d5 2. Nf3 g6 3. e3 Bg7 4. Nc3 a6 5. b3 Nc6 6. Bb2 Bg4 7. Be2 Qd7 8. h3 Bxf3 9. Bxf3 e6 10. 0-0 Nge7 11. Rb1 0-0 12. Ne2 e5 13. d3 Qd6 14. e4 exf4 15. Bxg7 Kxg7 16. exd5 Ne5 17. Qd2 Nxf3+ 18. Rxf3 Nxd5 19. Nxf4 Qb4 20. Qf2 Nc3 21. Re1 Rad8 22. Qh4 Kg8 23. Qh6 Nd5 24. Re4 Qd2 25. Re2 Qc3 26. Re4 Nxf4 27. Qxf4 Qxc2 28. Qh6 Qc5+ 29. Kh1 Rd5 30. Rg3 Rf5 31. d4 Qd5 32. Rh4 1-0

[Event "SVK-ch U10"]
[Site "Tatralandia"]
[Date "2015.04.20"]
[Round "3"]
[White "Verbytskiy, Patrik"]
[Black "Maurer, Filip"]
[Result "1/2-1/2"]
[WhiteElo "1644"]
[BlackElo "1470"]
[PlyCount "118"]
[EventDate "2015.04.18"]
[EventType "swiss"]
[EventRounds "9"]
[EventCountry "SVK"]
[SourceTitle "CBM 166 Extra"]
[Source "ChessBase"]
[SourceDate "2015.06.18"]
[SourceVersion "1"]
[SourceVersionDate "2015.06.18"]
[SourceQuality "1"]

1. e4 c5 2. f4 Nc6 3. Nf3 e6 4. Bb5 Nge7 5. d4 cxd4 6. Nxd4 f6 7. Bxc6 Nxc6 8. Be3 Qb6 9. 0-0 Bc5 10. c3 e5 11. fxe5 fxe5 12. b4 Bxd4 13. cxd4 exd4 14. Bg5 Ne5 15. Bf4 Ng6 16. Qb3 Qe6 17. Qd3 0-0 18. Bg3 Rxf1+ 19. Kxf1 d5 20. Qxd4 Qxe4 21. Qxe4 dxe4 22. Nc3 Bf5 23. Re1 Rf8 24. Bf2 Re8 25. Bxa7 Nf4 26. a3 Nd3 27. Re3 Rf8 28. Bc5 Rf7 29. Kg1 Nxc5 30. bxc5 Rc7 31. Na4 Bd7 32. Nb6 Bf5 33. Nd5 Rxc5 34. Ne7+ Kf7 35. Nxf5 Rxf5 36. Rxe4 Ra5 37. a4 b5 38. axb5 Rxb5 39. Kf2 Kf6 40. Kf3 g6 41. h4 h6 42. Kg4 Rf5 43. Ra4 Re5 44. Ra6+ Re6 45. Ra4 Re2 46. g3 Re5 47. Rb4 h5+ 48. Kf4 Rf5+ 49. Ke4 Re5+ 50. Kf3 g5 51. Ra4 gxh4 52. gxh4 Rf5+ 53. Rf4 Rxf4+ 54. Kxf4 Ke6 55. Kg5 Ke5 56. Kxh5 Kf5 57. Kh6 Kf6 58. h5 Kf7 59. Kh7 Kf8 1/2-1/2

[Event "SVK-ch U08"]
[Site "Stara Lubovna"]
[Date "2014.04.07"]
[Round "3"]
[White "Lovcican, Tomas"]
[Black "Maurer, Filip"]
[Result "1-0"]
[WhiteElo "1187"]
[BlackElo "1056"]
[PlyCount "45"]
[EventDate "2014.04.05"]
[EventType "swiss"]
[EventRounds "9"]
[EventCountry "SVK"]
[SourceTitle "EXT 2016"]
[Source "ChessBase"]
[SourceDate "2015.10.08"]
[SourceVersion "1"]
[SourceVersionDate "2015.10.08"]
[SourceQuality "1"]

1. e4 e5 2. Nf3 Nc6 3. Nc3 Nf6 4. Bc4 Nxe4 5. Nxe4 d5 6. Bxd5 Qxd5 7. Qe2 Bf5 8. Nc3 Qc5 9. d4 Nxd4 10. Nxd4 Qxd4 11. Nb5 Qc5 12. Be3 Qc6 13. 0-0 0-0-0 14. Nxa7+ Kb8 15. Nxc6+ bxc6 16. Qa6 c5 17. Qb5+ Kc8 18. b4 Bxc2 19. Qa6+ Kb8 20. Rab1 Bxb1 21. Rxb1 c6 22. bxc5+ Kc7 23. Qb7# 1-0

[Event "SVK-ch U08"]
[Site "Lubovna"]
[Date "2013.04.11"]
[Round "7"]
[White "Maurer, Filip"]
[Black "Sosovicka, Jakub"]
[Result "0-1"]
[WhiteElo "1000"]
[BlackElo "1615"]
[PlyCount "34"]
[EventDate "2013.04.06"]
[EventType "swiss"]
[EventRounds "9"]
[EventCountry "SVK"]
[SourceTitle "CBM 153 Extra"]
[Source "ChessBase"]
[SourceDate "2013.04.22"]
[SourceVersion "1"]
[SourceVersionDate "2013.04.22"]
[SourceQuality "1"]

1. e4 e5 2. Nf3 Nf6 3. Nc3 Bb4 4. d4 Nxe4 5. Bd2 Nxd2 6. Qxd2 exd4 7. Nxd4 0-0 8. 0-0-0 Re8 9. Bc4 d5 10. Bd3 c5 11. Nf3 d4 12. Bb5 Bd7 13. Bxd7 Nxd7 14. Rde1 dxc3 15. bxc3 Ba3+ 16. Kb1 Qb6+ 17. Ka1 Qb2# 0-1